The Holy Quran : text, translation & commentary

Bibliographic Details
Main Author: علي، عبد الله يوسف (Author)
Format: Book
Language:English
Published: Lahore : Sh. Muhammad Ashraf , 1975

MARC

LEADER 00000cam a2200000 7i4500
001 0000005778
005 20220116093000.0
008 021119s1975 pk eng
090 0 0 |a BP128.A3   |b .A44 
100 0 |a علي، عبد الله يوسف ,   |e author 
245 1 4 |a The Holy Quran :   |b text, translation & commentary   |c Abdullah Yusuf Ali 
260 2 |a Lahore :   |b Sh. Muhammad Ashraf ,   |c 1975 
300 |a 3 v. ;   |c 26 cm. 
640 0 0 |a Qur'an   |x Commentaries 
999 |a 1000002084   |b Book   |c OPEN SHELF (30 DAYS)   |e Gong Badak Campus 
999 |a 1000002085   |b Book   |c OPEN SHELF (30 DAYS)   |e Gong Badak Campus 
999 |a 1000002086   |b Book   |c OPEN SHELF (30 DAYS)   |e Gong Badak Campus 
999 |a 1000002087   |b Book   |c OPEN SHELF (30 DAYS)   |e Gong Badak Campus 
999 |a 1000002088   |b Book   |c OPEN SHELF (30 DAYS)   |e Gong Badak Campus 
999 |a 1000002089   |b Book   |c OPEN SHELF (30 DAYS)   |e Gong Badak Campus